000 00427nam a2200193Ia 4500
005 20250425161734.0
008 250425s9999 xx 000 0 und d
041 _aspa
082 _a863.69866
100 _aDUMAS, ALEJANDRO
245 0 _aGAGLIOSTRO
250 _a1A ED.
260 _aEcuador
_bARIEL
_c1950
260 _aGUAYAQUIL
300 _a112
650 _aNOVELA ECUATORIANA
942 _c01
010 _a26987
999 _c215092
_d215092